| 000 | 00600nam a2200205 a 4500 | ||
|---|---|---|---|
| 005 | 20241009063710.0 | ||
| 008 | 031016s1991 mx r 000 0 spa d | ||
| 020 | _a8477380740 | ||
| 035 | _aUPN01000130216 | ||
| 049 | _aCG | ||
| 050 | 4 |
_aP201 _bD4.7 |
|
| 100 | 1 | _aDemonte, Violeta | |
| 245 | 1 | 0 |
_aTeoría sintáctica : _bde las estructuras a la rección / _cVioleta Demonte. |
| 260 |
_aMadrid : _bSíntesis, _c1991. |
||
| 300 | _a232 p. | ||
| 440 | 0 |
_aTextos de apoyo. _pLingüística ; _v7 |
|
| 650 | 0 |
_aGramática comparada y general _915920 |
|
| 650 | 4 |
_aLingüística _96151 |
|
| 905 | _aLibro | ||
| 999 |
_c102373 _d102373 |
||